[Event "19th Rochefort Open 2020"]
[Site "Rochefort"]
[Date "2020.02.28"]
[Round "9.3"]
[White "Colin, Vincent"]
[Black "Vorobiov, Evgeny E."]
[Result "0-1"]
[WhiteElo "2359"]
[BlackElo "2520"]
[Annotator "TA"]
[PlyCount "80"]
[EventDate "2020.02.22"]
[EventType "swiss"]
[EventCountry "FRA"]
[SourceTitle "playchess.com"]
[Source "ChessBase"]
[SourceQuality "1"]

{[%evp 9,80,11,15,21,36,18,1,30,39,40,80,40,35,47,52,24,25,16,31,16,47,56,57,29,24,10,13,21,12,0,0,0,0,-9,-10,-6,-18,-96,0,-38,0,0,0,0,0,0,0,-58,-58,-140,0,-365,-241,-204,-189,-164,-31,-1047,-1029,-1745,-237,-229,0,-1033,0,-231,-231,-302,-260,-29990,-29991,-29997,-29998]} 1. e4 c5 2. Nc3 Nc6 3. Bb5 Nd4 4. Nf3 a6 5. Bd3 Nc6 6. O-O {B23: Closed Sicilian: Lines without g3.} g6 7. e5 Bg7 8. Re1 {The position is equal.} Nh6 9. Be4 {[#]} Nd4 $146 ({Predecessor:} 9... O-O 10. d3 d6 11. Bxc6 bxc6 12. h3 Nf5 13. Bf4 h6 14. Qd2 Kh7 15. Ne4 Qb6 {1-0 (41) Safarli,E (2601)-Ismagambetov,A (2528) Moscow 2019}) 10. d3 d6 11. exd6 Qxd6 12. Nxd4 (12. Nd5 {is more complex.} O-O 13. Bg5 Re8 14. Nd2 Qd8 15. c3) 12... cxd4 13. Nd5 O-O 14. a4 e6 15. Bf4 e5 16. Bxh6 (16. Bd2 {with more complications.} Qd8 17. a5 Be6 18. Nb6 Rb8 19. Qf3) 16... Bxh6 17. a5 Be6 18. Nb6 $1 {[%cal Rb6a8]} Rab8 19. Qf3 Bd2 20. Re2 $1 {[%cal Re2d2]} Bxa5 21. Rxa5 {And now Nc4 would win.} Qxb6 22. Rxe5 Qxb2 {( -> ...Qc1+)} 23. g4 (23. h4 $11) 23... Rbc8 (23... b5 $17 {Strongly threatening ...Rbc8.} 24. Kg2 Rbc8) 24. c4 $1 $15 Qc1+ 25. Kg2 {[#]} b5 $1 {[%mdl 512]} 26. cxb5 axb5 27. Rxb5 Qd1 {aiming for ...Rc1.} 28. Kg3 ({Better is} 28. h3 $11) 28... Rc3 $1 $36 {[%mdl 2048] Black has the initiative.} 29. Rb4 {[#]} (29. Rbb2 $15) 29... Rd8 (29... h5 $1 $17 {[%mdl 512]} 30. h3 (30. gxh5 Rc5) 30... Kg7) 30. Qf6 $2 {[%mdl 8192]} (30. h3 $11) 30... Qg1+ 31. Bg2 Rxd3+ 32. f3 Rf8 (32... Rc8 $1 $19 33. Qf4 h6 $1 {[%mdl 512]} 34. Rxe6 fxe6) 33. h4 $2 {[%mdl 8192]} (33. Qe5 $15) 33... Bd5 $1 $19 34. Kf4 Qc1+ $2 (34... Rc3 35. Kg5 {[#]} Rxf3 $1 {[%mdl 512]} 36. Qxd4 Qh2 $1 {[%mdl 512]}) 35. Kg3 Qg1 $2 (35... Re3 36. Qf4 Qc3) 36. Kf4 $1 Qc1+ $2 (36... h6 {[%cal Rg1h2]} 37. Kg3 Bxf3 38. Qxf3 Rxf3+ 39. Kxf3 d3) 37. Kg3 Re3 38. Reb2 Qg1 39. Kf4 $2 (39. Rb1 $19 Re1 40. R1b2 Bxf3 41. Qxd4) 39... Re6 40. Qxd4 Qh2+ {[%mdl 64] Double Attack. Accuracy: White = 55%, Black = 60%.} 0-1

[Event "19th Rochefort Open 2020"]
[Site "Rochefort"]
[Date "2020.02.28"]
[Round "9.4"]
[White "Burmakin, Vladimir"]
[Black "Maiorov, Nikita"]
[Result "1-0"]
[WhiteElo "2514"]
[BlackElo "2506"]
[Annotator "TA"]
[PlyCount "113"]
[EventDate "2020.02.22"]
[EventType "swiss"]
[EventCountry "FRA"]
[SourceTitle "playchess.com"]
[Source "ChessBase"]
[SourceQuality "1"]

{[%evp 11,113,25,14,16,12,8,2,27,20,26,47,50,71,71,114,111,94,97,85,33,62,52,55,33,40,29,25,26,28,19,10,22,31,31,21,20,38,28,37,32,35,31,28,23,37,23,25,14,16,10,16,8,11,10,21,21,21,17,50,58,61,54,85,81,121,110,183,119,127,118,156,117,162,162,150,155,156,166,150,151,162,155,151,151,197,186,196,200,250,231,227,235,252,251,401,434,345,351,407,537,514,501,763,527]} 1. Nf3 Nf6 2. g3 b6 3. Bg2 Bb7 4. O-O e6 5. d3 d5 6. c4 Be7 7. cxd5 {A15: English Opening: 1...Nf6.} exd5 8. Nh4 Qd7 9. Nc3 {The position is equal.} O-O {[#]} 10. e4 $146 ({Predecessor:} 10. a4 c5 11. d4 Ne4 12. Nf3 Nc6 13. Nb5 a6 14. Na3 Bf6 15. dxc5 bxc5 16. Nc4 {1-0 (26) Hillebrand,C (2040)-Lochte,S (1934) Bad Woerishofen 2013}) 10... dxe4 11. dxe4 Qxd1 12. Rxd1 {Strongly threatening e5.} Bc5 13. e5 Bxg2 14. Kxg2 Ng4 {[%mdl 64] [#] Double Attack} 15. Ne4 (15. f4 $16) 15... Nxe5 16. Nxc5 bxc5 17. Rd5 f6 18. Rxc5 Na6 19. Rc3 Rfd8 20. Bf4 Nd3 $1 {[#] ...g5 is the strong threat.} 21. Bxc7 Rd5 22. Nf3 Nxb2 23. Bf4 Nd3 24. Be3 Nac5 25. Rb1 a6 26. Nd4 Re8 27. h3 h6 28. Ra3 Re4 29. Ne2 Rc4 30. Rc3 Rxc3 31. Nxc3 Rd6 32. Rb8+ Kh7 33. Rc8 Nd7 34. Rc7 N3e5 35. Ne4 Rc6 36. Ra7 f5 37. Nd2 {And now f4 would win.} Nf6 38. Nb3 {aiming for Nd4.} Kg6 (38... Nh5 $16 {was worth a try.}) 39. Nc5 (39. Nd4 $18 Rc4 40. Ne6 (40. Rxa6 Nd3 $16)) 39... Nc4 $16 40. Bd4 a5 41. Nd3 Kh7 42. Ne5 Rd6 43. Bc3 Nd2 44. Nf7 Rd5 45. Rxa5 Nb1 46. Rxd5 Nxd5 $18 {[%mdl 4096] Endgame KBN-KNN} 47. Bb2 Nbc3 48. a3 Na4 49. Bd4 Ndc3 50. Bxc3 Nxc3 {KN-KN} 51. Ne5 g5 52. Nd7 Na4 (52... Kg7 $142 53. Nb6 Kf8) 53. Kf3 Kg7 54. Ke3 Kf7 55. Kd4 Ke7 56. Nc5 Nb2 (56... Nb6 $142 57. Ke5 f4 58. gxf4 Nc4+ 59. Kd5 Nxa3 60. fxg5 hxg5) 57. Nd3 {Accuracy: White = 90%, Black = 64%.} 1-0

[Event "19th Rochefort Open 2020"]
[Site "Rochefort"]
[Date "2020.02.28"]
[Round "9.5"]
[White "Jolly, Jean-Francois"]
[Black "Martin Duque, Jesus"]
[Result "0-1"]
[WhiteElo "2386"]
[BlackElo "2446"]
[Annotator "TA"]
[PlyCount "128"]
[EventDate "2020.02.22"]
[EventType "swiss"]
[EventCountry "FRA"]
[SourceTitle "playchess.com"]
[Source "ChessBase"]
[SourceQuality "1"]

{[%evp 32,128,22,22,24,22,25,25,25,14,14,14,17,11,13,0,5,0,47,31,42,42,31,29,31,33,48,0,42,43,55,40,40,50,47,48,54,47,80,62,66,74,182,173,172,78,49,41,53,0,0,0,0,0,0,0,40,31,62,22,70,55,209,66,75,75,64,29,28,0,0,0,0,0,0,-12,-12,-17,0,0,-6,-14,0,0,0,0,0,-12829,-12828,-12841,-12842,-12845,-12842,-12844,-12845,-12845,-12845,-12846,-12846]} 1. e4 e5 2. Nf3 Nc6 3. Bb5 a6 4. Ba4 Nf6 5. O-O Be7 6. Re1 b5 7. Bb3 d6 8. c3 O-O 9. h3 Nb8 10. d4 Nbd7 11. Nbd2 Bb7 12. Bc2 Re8 13. Nf1 Bf8 14. Ng3 g6 15. a4 c5 16. d5 c4 17. Bg5 Nc5 {C95: Closed Ruy Lopez: Breyer Variation with 10 d4.} 18. Qd2 Be7 19. Be3 Nfd7 {[#] White has an edge.} 20. h4 $146 ({Predecessor:} 20. Rf1 Bf6 21. Nh2 h5 22. axb5 axb5 23. Ne2 Bg7 24. Nf3 Qe7 25. Bg5 Bf6 26. Be3 {1-0 (67) Zhigalko,S (2625)-Kelires,A (2523) Batumi 2018}) 20... h5 ({Don't go for} 20... Bxh4 $2 21. Nxh4 Qe7 22. Nf3 $18) 21. Ng5 Bf8 22. Rf1 Bg7 23. f3 Qc7 24. Nh1 f6 25. Nh3 $1 Nb6 {[%cal Rb6a4]} 26. axb5 axb5 27. Rxa8 Rxa8 28. g4 Bc8 29. Qg2 Qd7 {[%cal Rh5g4]} 30. N3f2 Ra2 31. gxh5 $1 gxh5 32. Ng3 Qf7 33. Nd1 Nba4 34. Bc1 Nd3 35. Bxd3 $1 cxd3 36. Kh1 Qg6 (36... Nc5 $16) 37. Rg1 $18 Kh7 {[#]} 38. Nxh5 $1 {[%mdl 512]} Qxg2+ $16 (38... Qxh5 39. Qxg7#) 39. Rxg2 Bh8 {White must now prevent ...Ra1.} 40. Be3 ({White should play} 40. Nf2 $14) 40... Ra1 $11 41. Rg1 $36 {[%mdl 2048] White is pushing.} Rb1 42. b4 f5 43. exf5 $1 Bb7 44. Ng3 Bxd5 45. Ne4 Bg7 46. Kh2 Bb3 $2 (46... Ra1 $14) 47. Ndf2 (47. f6 $18 Bf8 48. f7 {[%mdl 64] Decoy} Bxf7 49. Ng5+ {[%mdl 64] Double Attack} Kg8 50. Ne6+ Kh8 51. Nxf8) 47... Rxg1 $14 48. Kxg1 d5 49. Ng5+ (49. Nc5 $5 {[%cal Rc5b3]} Bc2 50. Nd7 $16 (50. Ncxd3 Nxc3 51. Bg5 e4 $11) (50. Nfxd3 Nxc5 51. Nxc5 Bxf5 $14)) 49... Kg8 50. Nxd3 Nxc3 51. Ne6 Bc2 52. Nxg7 {Hoping for Ne1.} Bxd3 $11 {[%mdl 4096] Endgame KBN-KBN} 53. f6 Kf7 54. Bg5 d4 55. f4 exf4 {And now ...Ne4 would win.} 56. Nh5 f3 {Threatens to win with ...Ne4.} 57. Kf2 Be4 {Strongly threatening ...Nd1+.} 58. Ng3 Bd5 59. Nf1 $2 {[%mdl 8192]} (59. h5 $11) 59... Ne4+ $19 {[%mdl 64] [#] Double Attack. Black is clearly winning.} 60. Kg1 f2+ 61. Kh2 Kg6 62. Kh3 Bc4 63. Kg2 Bxf1+ 64. Kxf1 d3 {Never resign too early! Accuracy: White = 79%, Black = 78%.} 0-1